000 00818nmm a2200265 a 4500
001 ocm000785952
003 TR-IsHL
005 20201028143528.0
008 140413s2014 tu eng
007 cr cn
020 _a9781312014961
035 _a785952
_b(N$T)
050 0 4 _aPQ2246
_b.M2 2014
090 0 4 _aPQ2246
_b.M2 2014
100 1 _aFlaubert, Gustave
245 1 0 _aMadam Bovary
_h[electronic resource] /
_cGustave Flaubert
260 _aİstanbul :
_bE-Kitap Projesi,
_c2014
300 _a238 p.
650 4 _aDil ve Edebiyat
650 4 _aLanguage and Literature
650 0 _aFransız romanı
650 0 _aFrench fiction
650 7 _aLITERARY COLLECTIONS / European / French
_2bisacsh
856 4 0 _uhttp://search.ebscohost.com/login.aspx?direct=true&scope=site&db=e011xww&AN=785952
999 _c8946
_d8946